| 000 | 00356nam a22001457a 4500 | ||
|---|---|---|---|
| 008 | 210301b ||||| |||| 00| 0 eng d | ||
| 020 | _a0679769811 | ||
| 041 | _aeng | ||
| 080 | _a616-053.2 | ||
| 082 | _a616-053.2 | ||
| 100 | _a8 | ||
| 101 | _aPED | ||
| 245 |
_aAmerican Academy of Pediatrics Guide to your Childs Sleep _cCohen, G. J |
||
| 942 |
_2udc _cBK |
||
| 999 |
_c55386 _d55386 |
||